| 000 | 02232cam a22003014a 4500 | ||
|---|---|---|---|
| 001 | 991106493023606196 | ||
| 005 | 20250321174602.0 | ||
| 008 | 011005s2002 maua b 001 0 eng | ||
| 010 | _a2001054432 | ||
| 020 | _a9780071121149 | ||
| 035 | _a(UTL)6637411-01utoronto_inst | ||
| 035 | _a(SIRSI)6637411 | ||
| 035 | _a(OCoLC)48131802 | ||
| 040 |
_aDLC _cDLC _dDLC |
||
| 041 | _aeng | ||
| 042 | _apcc | ||
| 050 | 0 | 0 |
_aHF5549.5.E45 _bE93 2002 |
| 100 |
_aEvans, Paul _d1943- _924979 _eauthor |
||
| 245 | 1 | 4 |
_aThe global challenge _b: frameworks for international human resource management _c/ Paul Evans, Vladimir Pucik, Jean-Louis Barsoux. |
| 260 |
_aBoston, MA : _bMcGraw-Hill, _c2002. |
||
| 300 |
_axx, 554 pages : _billustration ; _c23 cm. |
||
| 504 | _aIncludes bibliographical references (p. 499-534) and indexes. | ||
| 520 | _aThrough its focus on human resource management and organization, this book provides a broad guide on how to manage the process of internationalization, with a particular focus on the transnational firm. The authors discuss the people implications of traditional strategies for internationalization and how such strategies get executed through human resource management (HRM). They discuss such topics as how to manage expatriates from the parent country; how to go about adapting management practices to circumstances abroad; how to localize management; how to recognize and ultimately avoid obstacles in joint ventures; how to expand across borders through acquisitions; how to respond to the contradictory pressures of the transnational firm, where HRM has a critical role to play in enabling managers to resolve these paradoxes in innovative ways; and how global competition is changing the nature of management and organization, even for firms operating in domestic markets. The book draws on practical examples from companies that have experienced the real challenges of international HRM. The authors carefully balance these real business applications with a wide scope of academic research. | ||
| 650 | 0 |
_aInternational business enterprises _xPersonnel management _910084 |
|
| 700 |
_aPucik, Vladimir _924980 _eauthor |
||
| 700 |
_aBarsoux, Jean-Louis _921321 _eauthor |
||
| 942 | _2lcc | ||
| 999 |
_c4563 _d4563 |
||